Liste des mots palindromes de la langue française - Statistiques

Statistiques générales
  • Ce quiz a été pris 55 fois
  • Le résultat moyen est 12 sur 78
Statistiques - réponses
Hint Réponse % Correct
21 kayak
81%
26 non
48%
10 bob
44%
17 été
44%
63 sus
44%
73 tôt
40%
7 ara
38%
42 sas
38%
14 erre
35%
20 ici
35%
5 ana
33%
12 elle
33%
13 ère
31%
19 gag
31%
4 alla
29%
28 pop
29%
30 radar
27%
33 ressasser
27%
52 ses
25%
57 sis
25%
9 axa
23%
24 naan
23%
1 aa
21%
16 esse
21%
35 rêver
17%
36 rotor
17%
72 têt
17%
2 ada
15%
27 pep
15%
51 serres
15%
18 eue
13%
74 tut
13%
3 aga
10%
44 selles
10%
47 sèmes
10%
48 sénés
10%
49 sennes
10%
50 sérés
10%
11 coloc
8%
22 lebel
8%
31 réer
8%
39 salas
8%
41 sapas
8%
45 semâmes
8%
53 sèves
8%
8 aviva
6%
37 sabas
6%
38 sagas
6%
40 sanas
6%
54 sexes
6%
60 sonos
6%
67 tapât
6%
68 tarât
6%
78 xanax
6%
15 essayasse
4%
23 malayalam
4%
34 retâter
4%
43 sassas
4%
46 sémèmes
4%
56 sidis
4%
59 solos
4%
65 talât
4%
66 tannât
4%
69 tassât
4%
76 uwu
4%
6 anona
2%
25 nanan
2%
29 qazaq
2%
32 réifier
2%
55 shahs
2%
58 snobons
2%
61 stats
2%
62 stots
2%
77 sugus
2%
64 taggât
2%
70 tatât
2%
71 taxât
2%
75 udu
2%
Aucun quiz correspondant
Distribution des résultats
% des personnes avec chaque résultat
Percentile par nombre de réponses
Votre historique - résultats
Vous n’avez pas pris ce quiz